000 00666nmm a2200205Ia 4500
008 251105s9999||||xx |||||||||||||||||und||
020 _a9788427726147
041 _aspa
100 _aParicio, Javier
245 0 _aCartografía de la buena docencia universitaria: Un marco para el desarrollo del profesorado basado en la investigación
264 _a[Madrid, España] :
_bNarcea Ediciones,
_c2019
300 _a329 páginas
490 _aUniversitaria
650 _aEducation
700 _aParicio, Javier
700 1 _a Fernández, Amparo
700 1 _a Fernández, Idoia (eds.)
856 _uhttps://public.digitaliapublishing.com/a/62909
942 _cCF
999 _c69763
_d69763